[Event "Spring op"]
[Site "Budapest"]
[Date "1995.??.??"]
[Round "?"]
[White "Bodrogi, Mihaly"]
[Black "Ibragimov, Ildar"]
[Result "1/2-1/2"]
[WhiteElo "2135"]
[BlackElo "2520"]

1.e4 c5 2.Nc3 Nc6 3.g3 g6 4.d3 Bg7 5.Be3 d6 6.Qd2 Rb8 7.Bg2 b5 8.Nge2 Nd4
9.O-O e6 10.Nd1 Ne7 11.c3 Nxe2+ 12.Qxe2 b4 13.d4 bxc3 14.bxc3 Qa5 15.Qd2 cxd4
16.Bxd4 e5 17.Be3 Qc7 18.Nb2 O-O 19.Rfd1 Bg4 20.f3 Be6 21.Nd3 Rfd8 22.Bf1 a5
23.Rab1 Rxb1 24.Rxb1 Rb8 25.Rxb8+ Qxb8 26.c4 Nc6 27.Qc3 f5 28.Qb3 fxe4 29.fxe4 Qc7
30.Qb5 Qc8 31.Nf2 h5 32.a3 Kh7 33.Bb6 Bh6 34.Bxa5 Nd4 35.Qb6 Bxc4 36.Bxc4 Qxc4
37.Qc7+ Qxc7 38.Bxc7 Nb5 39.Bb8 Be3 40.Kg2 Nxa3 41.Bxd6 Nc4 42.Bb4 Kg7 43.Nd1 Bd2
44.Bc3 Kf6 45.Kf3  1/2-1/2

[Event "Budapest FS02 GM"]
[Site "Budapest"]
[Date "1995.??.??"]
[Round "1"]
[White "Ibragimov, Ildar"]
[Black "Csom, Istvan"]
[Result "1/2-1/2"]
[WhiteElo "2520"]
[BlackElo "2455"]

1.d4 Nf6 2.c4 e6 3.Nc3 Bb4 4.e3 c5 5.Bd3 Nc6 6.Nf3 Bxc3+ 7.bxc3 d6 8.e4 e5
9.h3 h6 10.Be3 b6 11.O-O Qc7 12.d5 Ne7 13.Nh4 g5 14.Qf3 Nfg8 15.Nf5 Nxf5
16.exf5 Nf6 17.g4 Qe7 18.Rfe1 Kd8 19.Qg3 Qf8 20.f3 Kc7 21.Qf2 a5 22.Kg2 Ba6
23.Qd2 Qg7 24.Rh1 Rae8 25.Rae1 Rhg8  1/2-1/2

[Event "Budapest FS02 GM"]
[Site "Budapest"]
[Date "1995.??.??"]
[Round "5"]
[White "Ibragimov, Ildar"]
[Black "Fogarasi, Tibor"]
[Result "1/2-1/2"]
[WhiteElo "2520"]
[BlackElo "2500"]

1.e4 c5 2.d3 Nc6 3.g3 g6 4.Bg2 Bg7 5.f4 d6 6.Nf3 e5 7.c3 Nge7 8.O-O O-O 9.Na3 Rb8
10.f5 gxf5 11.Nh4 fxe4 12.dxe4 Be6 13.Nf5 Bxf5 14.exf5 f6 15.Bd5+ Kh8 16.Nc4 Nd4
17.Bg2 Ndxf5 18.Qh5 d5 19.Rxf5 dxc4 20.Be4 Qe8 21.Qh3 Qd7 22.Be3 b6 23.Raf1 Rf7
24.g4 Kg8 25.Rh5 f5 26.gxf5 Bf6 27.Kh1 Kh8 28.Qf3 Rd8 29.Rg1 Ng8 30.Rh3 Bg7
31.Rxh7+ Kxh7 32.f6+ Kh8 33.Qh5+ Bh6 34.Bxh6 Nxh6 35.Qxh6+ Rh7 36.Bxh7 Qxh7
37.Qxh7+ Kxh7 38.Rg5 Rf8 39.Rxe5 Rxf6 40.Kg2 Rf7 41.a4 Kg6 42.Re4 Rd7 43.Kf3 Rd2
44.Re2 Rd1 45.Ke4 Ra1 46.Kd5 Rxa4 47.h4 Kh5 48.Rh2 a6 49.Kc6 b5 50.Kxc5 Ra2
51.Kd4  1/2-1/2

[Event "Budapest FS02 GM"]
[Site "Budapest"]
[Date "1995.??.??"]
[Round "6"]
[White "Honfi, Karoly"]
[Black "Ibragimov, Ildar"]
[Result "0-1"]
[WhiteElo "2380"]
[BlackElo "2520"]

1.e4 e5 2.Nf3 Nc6 3.d4 exd4 4.Nxd4 Bc5 5.Be3 Qf6 6.c3 Nge7 7.g3 d5 8.Bg2 Nxd4
9.cxd4 Bb4+ 10.Nc3 O-O 11.O-O c6 12.exd5 Bxc3 13.bxc3 cxd5 14.Qb3 b6 15.Rfe1 Be6
16.a4 Rac8 17.a5 Rc6 18.axb6 Rxb6 19.Qa3 Rc6 20.Bf4 Nc8 21.Re5 Qd8 22.Rae1 Qd7
23.Qa5 Nb6 24.R5e2 Nc4 25.Qb5 a6 26.Qa4 Qb7 27.Ra2 Rfc8 28.Rea1 Rb6 29.h3 a5
30.Kh2 Rb3 31.Rc2 h6 32.g4 Rb5 33.Re1 Nb2 34.Qa2 Nd3 35.Rxe6 fxe6 36.Bg3 Ne1
37.Re2 Nxg2 38.Kxg2 Qa6 39.Re3 a4 40.Qa3 Rb1 41.Bd6 Rb3  0-1

[Event "Budapest FS02 GM"]
[Site "Budapest"]
[Date "1995.??.??"]
[Round "8"]
[White "Jantzen, Hans Joerg"]
[Black "Ibragimov, Ildar"]
[Result "0-1"]
[WhiteElo "2270"]
[BlackElo "2520"]

1.d4 d5 2.c4 dxc4 3.Nf3 Nf6 4.Nc3 a6 5.e4 b5 6.e5 Nd5 7.a4 Nxc3 8.bxc3 Qd5
9.g3 Bb7 10.Bg2 Qd7 11.Ba3 g6 12.O-O Bg7 13.Qe2 O-O 14.Nh4 Bxg2 15.Nxg2 Nc6
16.Bc5 Na5 17.Rad1 Nb3 18.Ba3 c5 19.d5 b4 20.Bb2 Qxa4 21.f4 Qa2 22.Rf2 bxc3
23.Bxc3 Qxe2 24.Rxe2 f6 25.e6 f5 26.Bxg7 Kxg7 27.Ne3 c3 28.Nc2 Nd2 29.Re3 Ne4
30.g4 Rab8 31.gxf5 gxf5 32.Rc1 Rb2 33.Re2 Rf6 34.Kh1 Rg6 35.Rg1 a5 36.d6 Nxd6  0-1

[Event "Budapest FS02 GM"]
[Site "Budapest"]
[Date "1995.??.??"]
[Round "10"]
[White "Ibragimov, Ildar"]
[Black "Lukacs, Peter"]
[Result "1/2-1/2"]
[WhiteElo "2520"]
[BlackElo "2490"]

1.c4 Nf6 2.Nc3 e5 3.g3 Bb4 4.Bg2 O-O 5.Nf3 Re8 6.O-O e4 7.Ne1 Bxc3 8.bxc3 d5
9.cxd5 Qxd5 10.d4 Qh5 11.f3 exf3 12.exf3 Bh3 13.g4 Qh4 14.Bxh3 Qxh3 15.Ng2 Nbd7
16.c4 h5 17.Nf4 Qh4 18.Ng2 Qh3  1/2-1/2

[Event "Budapest FS02 GM"]
[Site "Budapest"]
[Date "1995.??.??"]
[Round "11"]
[White "Anka, Emil"]
[Black "Ibragimov, Ildar"]
[Result "0-1"]
[WhiteElo "2410"]
[BlackElo "2520"]

1.e4 c5 2.Nf3 d6 3.d4 cxd4 4.Nxd4 Nf6 5.Nc3 Nc6 6.Bg5 e6 7.Qd2 Be7 8.O-O-O Nxd4
9.Qxd4 O-O 10.f4 Qa5 11.Bc4 h6 12.Bh4 e5 13.fxe5 dxe5 14.Qg1 Bg4 15.Bxf6 Bxf6
16.Rd3 Rac8 17.Bb3 Be6 18.Nd5 Bg5+ 19.Kb1 Qc5 20.Qd1 a5 21.a4 b5 22.Rc3 Qf2
23.Qf1 Qxf1+ 24.Rxf1 bxa4 25.Rxc8 Rxc8 26.Ba2 a3 27.bxa3 a4 28.Rf3 Kf8 29.c3 Be7
30.Kb2 Rc5 31.h3 h5 32.Rf1 g6 33.Nb4 Bxa2 34.Nxa2 Rc8 35.Kc2 Bxa3 36.Nc1 Bxc1
37.Rxc1 Ke7 38.Ra1 Ra8 39.g4 h4 40.Kd3 a3 41.Kc4 Kd6 42.Ra2 Ra4+ 43.Kb5 Rxe4
44.Rxa3 Re3 45.Ra6+ Ke7 46.c4 Rxh3 47.c5 Rc3 48.Ra7+ Kf6 49.c6 h3 50.Kb6 Kg5
51.c7 h2  0-1

[Event "RUS-ch"]
[Site "Elista"]
[Date "1995.??.??"]
[Round "1"]
[White "Geller, Efim P"]
[Black "Ibragimov, Ildar"]
[Result "0-1"]
[WhiteElo "2465"]
[BlackElo "2580"]

1.e4 e5 2.Nf3 Nc6 3.Bb5 a6 4.Ba4 Nf6 5.O-O Be7 6.Re1 b5 7.Bb3 d6 8.c3 O-O
9.h3 Re8 10.d4 Bb7 11.Nbd2 Bf8 12.Bc2 g6 13.d5 Nb8 14.Nf1 c6 15.dxc6 Bxc6
16.Ng3 Nbd7 17.Be3 Nc5 18.Nd2 d5 19.Qf3 Nfxe4 20.Ndxe4 dxe4 21.Nxe4 f5 22.Bxc5 Bxc5
23.Rad1 fxe4 24.Bxe4 Bxe4 25.Qxe4 Qb6  0-1

[Event "RUS-ch"]
[Site "Elista"]
[Date "1995.??.??"]
[Round "3"]
[White "Iskusnyh, Sergei"]
[Black "Ibragimov, Ildar"]
[Result "1-0"]
[WhiteElo "2430"]
[BlackElo "2580"]

1.d4 Nf6 2.c4 e6 3.Nc3 Bb4 4.e3 b6 5.Bd3 Bb7 6.Nf3 c5 7.O-O O-O 8.Na4 cxd4
9.exd4 Be7 10.Re1 d5 11.c5 bxc5 12.Nxc5 Bxc5 13.dxc5 Nbd7 14.b4 a5 15.Nd4 Qc7
16.Bg5 e5 17.Nb5 Qb8 18.Nd6 axb4 19.Bxf6 Nxf6 20.Rxe5 Bc6 21.Rg5 g6 22.h4 Qd8
23.Qe1 Ra3 24.Rd1 Rc3 25.a3 Rxa3 26.Qxb4 Qa5 27.Qd4 Qc3 28.Qf4 Ra4 29.Qf3 Nd7
30.Bxg6 Qxf3 31.Bxf7+ Kh8 32.gxf3 Nxc5 33.Bxd5 Bxd5 34.Rdxd5 Ne6 35.Rg4 Ra1+
36.Kh2 Ra3 37.Re5 Ng7 38.Re7  1-0

[Event "RUS-ch"]
[Site "Elista"]
[Date "1995.??.??"]
[Round "4"]
[White "Ibragimov, Ildar"]
[Black "Kalegin, Evgenij"]
[Result "1-0"]
[WhiteElo "2580"]
[BlackElo "2475"]

1.c4 e5 2.Nc3 Nc6 3.g3 g6 4.Bg2 Bg7 5.Rb1 a5 6.d3 Nf6 7.Nf3 O-O 8.O-O d6
9.Bg5 h6 10.Bxf6 Bxf6 11.a3 Bg7 12.b4 axb4 13.axb4 Nd4 14.b5 c6 15.Nxd4 exd4
16.Ne4 d5 17.bxc6 bxc6 18.cxd5 cxd5 19.Nc5 Ra5 20.Nb7 Bxb7 21.Rxb7 Qd6 22.Qb3 Rfa8
23.Bf3 Rc5 24.Rb1 Be5 25.Rxf7  1-0

[Event "RUS-ch"]
[Site "Elista"]
[Date "1995.??.??"]
[Round "11"]
[White "Glek, Igor V"]
[Black "Ibragimov, Ildar"]
[Result "1-0"]
[WhiteElo "2580"]
[BlackElo "2580"]

1.e4 e5 2.Nf3 Nc6 3.Nc3 Nf6 4.g3 d6 5.h3 g6 6.d4 exd4 7.Nxd4 Bg7 8.Nde2 O-O
9.Bg2 Re8 10.Bg5 h6 11.Be3 Ne5 12.b3 a5 13.O-O Ned7 14.Qd2 Nc5 15.f3 Kh7
16.Rad1 b6 17.Bxc5 bxc5 18.e5 Rxe5 19.f4 Rxe2 20.Nxe2 d5 21.c4 c6 22.Kh2 a4
23.Nc3 axb3 24.axb3 d4 25.Ne4 Qb6 26.Nd6 Qxb3 27.Rb1 Qc3 28.Qxc3 dxc3 29.Ra1 Rb8
30.Nxf7 Bf5 31.Ne5 Rb2 32.Kg1 Be4 33.Rf2 c2 34.Rc1 Rb1 35.Rff1 Rb2 36.Rfe1 Bxg2
37.Kxg2 Ne8 38.Re2 Nd6 39.Rcxc2 Rb4 40.Nxc6 Rb6 41.Ne7 Bd4 42.Nd5  1-0

[Event "Graz op"]
[Site "Graz"]
[Date "1995.??.??"]
[Round "1"]
[White "Ibragimov, Ildar"]
[Black "Kaminik, Aleksandar"]
[Result "1-0"]
[WhiteElo "2580"]
[BlackElo "2230"]

1.d4 Nf6 2.c4 g6 3.Nc3 Bg7 4.e4 d6 5.f3 O-O 6.Be3 b6 7.Nge2 c5 8.d5 e6 9.Ng3 exd5
10.cxd5 Nbd7 11.Be2 a6 12.a4 Qc7 13.O-O Rb8 14.Rc1 h5 15.Qd2 Re8 16.b3 Nf8
17.Nh1 N6d7 18.Rfe1 b5 19.axb5 Qa5 20.Nf2 axb5 21.f4 Nf6 22.Ra1 Qb4 23.e5 Ng4
24.Nd3 Qxb3 25.Reb1 Qc4 26.Nf2 Nxe3 27.Bxc4 Nxc4 28.Qe2 dxe5 29.Rxb5 Rxb5
30.Nxb5 Nb6 31.Nd6 Rd8 32.Nxc8 Rxc8 33.fxe5 Nxd5 34.Qf3 Bxe5 35.Re1 Re8 36.Qxd5 Bxh2+
37.Kf1 Ne6 38.Ne4 Rd8 39.Qa2 Bf4 40.Qb2 Kh7 41.Qf6 Kh6 42.Qxf7  1-0

[Event "Graz op"]
[Site "Graz"]
[Date "1995.??.??"]
[Round "2"]
[White "Postl, Anton"]
[Black "Ibragimov, Ildar"]
[Result "0-1"]
[WhiteElo "2315"]
[BlackElo "2580"]

1.d4 d5 2.c4 dxc4 3.Nf3 Nf6 4.e3 e6 5.Bxc4 c5 6.Nc3 a6 7.O-O b5 8.Bb3 Bb7
9.Qe2 Nbd7 10.Rd1 Qb8 11.d5 c4 12.dxe6 fxe6 13.Bc2 Bd6 14.e4 O-O 15.h3 Qc7
16.Be3 Rae8 17.Rac1 Bb4 18.Bg5 Nc5 19.Bxf6 Rxf6 20.Ng5 Bxc3 21.bxc3 Nd3 22.Bxd3 cxd3
23.Rxd3 Qf4 24.Qe3 h6 25.e5 Qxe3 26.Rxe3 Rf4 27.Nf3 Ra4 28.Rc2 Rc8 29.Rd2 Bd5
30.Nd4 Rxa2 31.Rxa2 Bxa2 32.f4 Rf8 33.f5 exf5 34.e6 Re8 35.e7 g6 36.g4 f4
37.Re4 Bd5 38.Re5 Bc4 39.Re4 Bd3 40.Re6 Kf7 41.Rxa6 Rxe7 42.Rb6 Re3 43.h4 Rg3+
44.Kf2 Rxg4 45.Nf3 Rg3 46.Ne5+ Kg7 47.Nxd3 Rxd3 48.h5 g5 49.Rxb5 Rxc3 50.Rb7+ Kf6  0-1

[Event "Graz op"]
[Site "Graz"]
[Date "1995.??.??"]
[Round "3"]
[White "Ibragimov, Ildar"]
[Black "Zelcic, Robert"]
[Result "1-0"]
[WhiteElo "2580"]
[BlackElo "2500"]

1.d4 Nf6 2.c4 e6 3.Nc3 Bb4 4.e3 O-O 5.Bd3 d5 6.Nf3 c5 7.O-O Nc6 8.a3 Bxc3
9.bxc3 Qc7 10.h3 dxc4 11.Bxc4 e5 12.Ba2 e4 13.Nd2 Bf5 14.Bb2 Rad8 15.Qe2 Rfe8
16.Rfd1 Qc8 17.Nf1 h5 18.c4 Rd6 19.dxc5 Rxd1 20.Rxd1 Ne5 21.Ng3 Bxh3 22.gxh3 Qxh3
23.Bxe5 Rxe5 24.Rd8+ Kh7 25.Bb1 g6 26.Qb2 Ng4 27.Nxe4 Qh2+ 28.Kf1 Nxe3+ 29.Ke2 Ng4
30.Qd4 Qh1 31.Bc2 Qc1 32.Qd2 Qh1 33.Qd4 Qh3 34.Kd2 Qxa3 35.f4 Qa5+ 36.Nc3 Nh2
37.Be4 Nf1+ 38.Kc2 Ne3+ 39.Qxe3 Rxe4 40.Qxe4 Qxd8 41.Qxb7 Qf6 42.Qe4 h4 43.c6 Qd6
44.Nb5 Qc5 45.c7 h3 46.Qd5 Qxd5 47.cxd5 h2 48.c8=Q h1=Q 49.Qc4 a6 50.Nc3 Qh2+
51.Kb3 Qf2 52.Qc7  1-0

[Event "Graz op"]
[Site "Graz"]
[Date "1995.??.??"]
[Round "7"]
[White "Ibragimov, Ildar"]
[Black "Conquest, Stuart"]
[Result "1/2-1/2"]
[WhiteElo "2580"]
[BlackElo "2455"]

1.d4 Nf6 2.c4 g6 3.Nc3 d5 4.Nf3 Bg7 5.Bg5 Ne4 6.Bh4 Nxc3 7.bxc3 dxc4 8.Qa4+ Nd7
9.e3 c6 10.Qxc4 O-O 11.Be2 Nf6 12.Qb3 Ne4 13.O-O Qc7 14.Rab1 b6 15.Bd3 Nd6
16.Bg3 c5 17.a4 Be6 18.d5 Bd7 19.c4 f5 20.Rfe1 Qc8 21.Be5 Bf6 22.Ra1 Rb8
23.e4 fxe4 24.Bxe4 Bg4 25.Bxf6 exf6 26.Nd2 Rb7 27.Qg3 Rd8 28.h3 Bf5 29.Qf4 Rf7
30.Bxf5 Qxf5 31.Qg3 Qc2 32.Re6 Nxc4 33.Ne4 Qb2 34.Rd1 Kg7 35.d6 Rdd7 36.Qf4 h6
37.Kh2 f5 38.Nxc5 bxc5 39.Qxc4 Qxf2 40.Qd5 f4 41.Rd3 f3 42.Rxf3 Rxf3 43.Qxf3 Qxf3
44.gxf3 Kf7 45.Re5 Rxd6  1/2-1/2

[Event "Graz op"]
[Site "Graz"]
[Date "1995.??.??"]
[Round "8"]
[White "Novikov, Igor A"]
[Black "Ibragimov, Ildar"]
[Result "1/2-1/2"]
[WhiteElo "2580"]
[BlackElo "2580"]

1.d4 d6 2.e4 Nf6 3.Nc3 g6 4.Nf3 Bg7 5.Be2 O-O 6.O-O Nc6 7.Be3 Bg4 8.Qd2 a6
9.Rad1 Re8 10.Rfe1 Qc8 11.h3 Bxf3 12.Bxf3 e5 13.dxe5 Nxe5 14.Be2 Ned7 15.f3 Nf8
16.Bf1 Ne6 17.Nd5 Nxd5 18.exd5 Nc5 19.c3 Qd7 20.Qf2 b6 21.Bd4 a5 22.b3 Rxe1
23.Rxe1 Re8 24.Bxg7  1/2-1/2

[Event "Graz op"]
[Site "Graz"]
[Date "1995.??.??"]
[Round "9"]
[White "Ibragimov, Ildar"]
[Black "Weinzettl, Ernst"]
[Result "1-0"]
[WhiteElo "2580"]
[BlackElo "2390"]

1.d4 Nf6 2.c4 g6 3.Nc3 Bg7 4.e4 d6 5.f3 O-O 6.Be3 Nc6 7.Nge2 Rb8 8.d5 Ne5
9.Ng3 c5 10.Be2 a6 11.O-O e6 12.a3 exd5 13.cxd5 Nh5 14.Nxh5 gxh5 15.f4 Ng4
16.Bxg4 hxg4 17.f5 h5 18.Qd2 Qf6 19.Kh1 Re8 20.Bg5 Qd4 21.Qe2 b5 22.f6 b4
23.fxg7 bxc3 24.bxc3 Qxe4 25.Qxe4 Rxe4 26.Bf6 Bd7 27.Rae1 Bf5 28.Kg1 Rxe1
29.Rxe1 Kh7 30.c4 Bd3 31.Kf2 Bxc4 32.Kg3 Kg6 33.Ba1 Bxd5 34.Rd1 Be6 35.Rxd6 Kf5
36.Kh4 Kg6 37.Rxa6 c4 38.Rd6 Ra8 39.a4 Kh7 40.Bf6 Kg6 41.Bc3 Kh6 42.a5 Kg6
43.a6  1-0

[Event "Ilioupolis"]
[Site "Ilioupolis"]
[Date "1995.??.??"]
[Round "2"]
[White "Cela, Altin"]
[Black "Ibragimov, Ildar"]
[Result "1-0"]
[WhiteElo "2405"]
[BlackElo "2520"]

1.e4 e5 2.Nf3 Nc6 3.Nc3 Nf6 4.Bb5 Bb4 5.O-O O-O 6.d3 d6 7.Bg5 Bxc3 8.bxc3 Qe7
9.Re1 Nd8 10.d4 Ne6 11.Bc1 Rd8 12.a4 c6 13.Bd3 Nd7 14.g3 c5 15.d5 Nef8 16.Nh4 Nf6
17.c4 h6 18.Qf3 N8h7 19.Nf5 Bxf5 20.Qxf5 Ng5 21.Bxg5 hxg5 22.Kg2 g6 23.Qxg5 Nxd5
24.Qh6 Nc7 25.f4 Qf8 26.Qh4 Qg7 27.Rf1 f6 28.Rab1 Ne8 29.g4 Rd7 30.g5 Rf7
31.Qg3 fxg5 32.fxg5 Rd8 33.Rxf7 Qxf7 34.Rf1 Qh7 35.Qg4 Ng7 36.Rf6 Nh5 37.Qe6+ Kh8
38.Be2 Qg8 39.Qh3 Rf8 40.Bxh5 Rxf6 41.Bxg6+  1-0

[Event "Ilioupolis"]
[Site "Ilioupolis"]
[Date "1995.??.??"]
[Round "3"]
[White "Ibragimov, Ildar"]
[Black "Kofidis, Andreas"]
[Result "1-0"]
[WhiteElo "2520"]
[BlackElo "2405"]

1.d4 d5 2.c4 e6 3.Nc3 Nf6 4.cxd5 exd5 5.Bg5 Be7 6.e3 c6 7.Qc2 Nbd7 8.Bd3 Nf8
9.Nge2 Ne6 10.Bh4 g6 11.f3 Ng7 12.O-O O-O 13.Rae1 Be6 14.Kh1 Nfh5 15.Bxe7 Qxe7
16.g4 Nf6 17.Ng3 Nd7 18.h3 Rae8 19.Qh2 Qd6 20.Nce2 Re7 21.h4 h6 22.Nf4 c5
23.Qd2 c4 24.Bb1 Nf6 25.Kg2 Rfe8 26.h5 g5 27.Nxe6 Rxe6 28.Re2 Qe7 29.Rfe1 b5
30.a3 Qc7 31.e4 dxe4 32.fxe4 Qf4 33.Qxf4 gxf4 34.Nf5 Nxg4 35.Nxg7 Kxg7 36.Kf3 Nf6
37.e5 Nxh5 38.Rh2 Rg6 39.Rxh5  1-0

[Event "Ilioupolis"]
[Site "Ilioupolis"]
[Date "1995.??.??"]
[Round "7"]
[White "Ibragimov, Ildar"]
[Black "Karayannis, Athanasios"]
[Result "1-0"]
[WhiteElo "2520"]
[BlackElo "2320"]

1.d4 Nf6 2.Nc3 d5 3.Bg5 c6 4.e3 Bf5 5.Bxf6 exf6 6.Bd3 Bxd3 7.Qxd3 Be7 8.Nf3 O-O
9.O-O Nd7 10.e4 Nb6 11.Rfe1 Bb4 12.a3 Bd6 13.b3 a6 14.Re2 Re8 15.a4 Bb4 16.Rae1 Re6
17.Nd2 Qd7 18.exd5 cxd5 19.Nd1 Rae8 20.Ne3 g6 21.g3 Bf8 22.a5 Nc8 23.b4 f5
24.Nb3 Na7 25.Nc5 Bxc5 26.dxc5 Nc6 27.Nxd5 Qd8 28.Rxe6 fxe6 29.Nf4 e5 30.Qe2 Qe7
31.Qc4+ Qf7 32.Nd5 Kg7 33.Nb6 Qf6 34.Rd1 e4 35.Rd7+ Kh6 36.Qf7 Qxf7 37.Rxf7 Ne5
38.Rf6 Ng4 39.Rd6 e3 40.fxe3 Rxe3 41.c4 Re1+ 42.Kg2 Re2+ 43.Kf1 Rxh2 44.b5 axb5
45.a6 bxc4 46.axb7 c3 47.Rd3 Ne5 48.Rxc3 Nc6 49.Rd3 Rc2 50.Rd6 Nb8 51.Nd7  1-0

[Event "Ilioupolis"]
[Site "Ilioupolis"]
[Date "1995.??.??"]
[Round "8"]
[White "Ibragimov, Ildar"]
[Black "Vouldis, Angelos"]
[Result "1-0"]
[WhiteElo "2520"]
[BlackElo "2325"]

1.e4 c5 2.d3 g6 3.g3 Nc6 4.Bg2 d6 5.f4 Bg7 6.Nf3 Bg4 7.Nbd2 Nf6 8.h3 Bxf3
9.Nxf3 O-O 10.O-O Nd7 11.c3 b5 12.Be3 b4 13.d4 Qa5 14.cxb4 Qxb4 15.e5 Rad8
16.d5 Na5 17.Bd2 Qb5 18.Bc3 Nb6 19.b3 dxe5 20.Nxe5 c4 21.Qd2 Bxe5 22.fxe5 Nxd5
23.Bxa5 Qc5+ 24.Qf2 Qxa5 25.bxc4 Nb4 26.e6 f5 27.Rad1 Nd3 28.Qe3 Nc5 29.Bd5 Qc7
30.Kg2 Rf6 31.Rb1 a6 32.h4 Rdf8 33.Rf4 Re8 34.g4 Rff8 35.Rbf1 Rb8 36.R1f2  1-0

[Event "Ilioupolis"]
[Site "Ilioupolis"]
[Date "1995.??.??"]
[Round "9"]
[White "Rama, Lorenc"]
[Black "Ibragimov, Ildar"]
[Result "0-1"]
[WhiteElo "2290"]
[BlackElo "2520"]

1.c4 f5 2.Nc3 Nf6 3.g3 g6 4.Bg2 d6 5.d4 Bg7 6.Nf3 O-O 7.d5 Na6 8.Nd4 e5 9.dxe6 c6
10.Bf4 Nh5 11.Be3 Qe7 12.Qd2 Nc5 13.Bg5 Nf6 14.Rd1 Nxe6 15.Nxe6 Bxe6 16.b3 Qf7
17.O-O Rad8 18.Qc1 Rd7 19.Rd3 a6 20.Qd2 Ng4 21.Rc1 Be5 22.f4 Bf6 23.Bxf6 Qxf6
24.e4 Rfd8 25.Rd1 h5 26.Bf3 b5 27.cxb5 axb5 28.exf5 Bxf5 29.Bxc6 Bxd3 30.Qxd3 Rg7
31.Bxb5 Kh8 32.Nd5 Qb2 33.Qd2 Qa3 34.Bc4 Re8 35.Kg2 Qa7 36.Re1 Rxe1 37.Qxe1 Qxa2+
38.Qe2 Ra7 39.h3 Nh6 40.Kf3 Qxe2+ 41.Bxe2 Nf5 42.Bc4 Ra3 43.Nc7 Nd4+ 44.Ke3 Nf5+
45.Kf3 h4 46.gxh4 Ra1 47.Ke4 Rd1 48.Bd3 Kg7 49.b4 Rc1 50.Na6 Rc3 51.Bb5 Kf6
52.Bd7 d5+ 53.Kxd5 Rd3+ 54.Kc6 Rd6+ 55.Kc7 Rxa6 56.Bxf5 Kxf5 57.b5 Ra7+ 58.Kc8 Rh7  0-1

[Event "Moscow op"]
[Site "Moscow"]
[Date "1995.??.??"]
[Round "6"]
[White "Ibragimov, Ildar"]
[Black "Shuraev, Andrei"]
[Result "1-0"]
[WhiteElo "2520"]
[BlackElo "2405"]

1.d4 Nf6 2.c4 d6 3.Nc3 e5 4.Nf3 Nbd7 5.e4 c6 6.Be2 Be7 7.O-O O-O 8.Qc2 a6
9.Rd1 Qc7 10.Rb1 b5 11.b4 Bb7 12.a4 Rfc8 13.Bd2 bxc4 14.dxe5 Ng4 15.exd6 Bxd6
16.h3 Nge5 17.Nxe5 Nxe5 18.Be3 Re8 19.a5 Qe7 20.Bc5 Bxc5 21.bxc5 Rad8 22.Rd6 Qc7
23.Qd2 Bc8 24.Rb6 Nd7 25.Rbxc6 Qxa5 26.Rxc8 Rxc8 27.Rxd7 Qxc5 28.Bd1 Qa5
29.Ba4 Red8 30.Rd5 Qc7 31.Qd4 h6 32.g3 Rxd5 33.exd5 Qc5 34.Qxc5 Rxc5 35.Kg2 Kf8
36.Kf3 Ke7 37.Ke4 Kd6 38.Kd4 Rc8 39.g4 Rf8 40.Ne4+ Ke7 41.Kxc4 f5 42.gxf5 Rxf5
43.Kc5 Rf4 44.d6+ Ke6 45.Kd4 Rh4 46.Bd1 h5 47.Bb3+ Kd7 48.Ke5 Rxh3 49.Be6+  1-0

[Event "Moscow op"]
[Site "Moscow"]
[Date "1995.??.??"]
[Round "8"]
[White "Ibragimov, Ildar"]
[Black "Cicak, Slavko"]
[Result "1-0"]
[WhiteElo "2520"]
[BlackElo "2350"]

1.d4 d6 2.e4 Nf6 3.Nc3 g6 4.f4 Bg7 5.Nf3 O-O 6.Bd3 Bg4 7.h3 Bxf3 8.Qxf3 Nc6
9.Be3 Nb4 10.O-O-O Nd7 11.e5 Nxd3+ 12.Rxd3 c6 13.h4 Qa5 14.h5 Rfd8 15.hxg6 hxg6
16.f5 dxe5 17.fxg6 fxg6 18.Qh3 Nf8 19.Bh6 Bf6 20.Ne4 Qxa2 21.Nxf6+ exf6 22.Bxf8 Kxf8
23.Qh8+ Ke7 24.Rh7+ Ke6 25.Qg7 Qa1+ 26.Kd2 e4 27.Qf7+ Kf5 28.g4+ Kg5 29.Rh5+ gxh5
30.Qxh5+  1-0

[Event "Novgorod op"]
[Site "Novgorod"]
[Date "1995.??.??"]
[Round "1"]
[White "Pavlov, Aleksandr"]
[Black "Ibragimov, Ildar"]
[Result "0-1"]
[WhiteElo "2250"]
[BlackElo "2520"]

1.d4 Nf6 2.c4 g6 3.Nc3 Bg7 4.e4 O-O 5.Nf3 c5 6.Be2 cxd4 7.Nxd4 Nc6 8.Be3 b6
9.O-O Bb7 10.Rc1 Nxd4 11.Bxd4 Bh6 12.e5 Bxc1 13.Qxc1 Ne8 14.Nd5 Rc8 15.Qh6 Ng7
16.Bc3 Bxd5 17.cxd5 f6 18.g4 f5 19.h3 e6 20.d6 Rc5 21.Rd1 Qa8 22.Qe3 h5 23.f3 Qd8
24.Kg2 f4 25.Qf2 Rxc3 26.bxc3 Qg5 27.Bd3 hxg4 28.hxg4 Nf5 29.Rh1 Ng3 30.Rh2 Qxe5
31.Bxg6 Kg7 32.Bd3 Qxd6 33.Rh7+ Kf6 34.Bb1 Rg8 35.c4 Qd1 36.Bc2 Qe2 37.Rxd7 Qxf2+
38.Kxf2 Rc8 39.Bd3 a5 40.Rb7 Rd8 41.Bh7 Rd2+ 42.Ke1 Rd6 43.c5 bxc5 44.Rb5 Rd5
45.Rxa5 Re5+ 46.Kd1 Re3 47.Rxc5 e5 48.Rc6+ Kg7 49.Rc7+ Kh6 50.Bc2 Rxf3 51.Rd7 Re3
52.a4 f3 53.Rf7 e4 54.a5 Ra3 55.Ke1 Kg6 56.Rf8 Kg7  0-1

[Event "Novgorod op"]
[Site "Novgorod"]
[Date "1995.??.??"]
[Round "3"]
[White "Ibragimov, Ildar"]
[Black "Borisenko, Andrei"]
[Result "0-1"]
[WhiteElo "2520"]
[BlackElo "2420"]

1.d4 Nf6 2.c4 d6 3.Nc3 Nbd7 4.e4 e5 5.Nf3 Be7 6.Be2 c6 7.O-O a6 8.Qc2 b5
9.Rd1 Qc7 10.a3 Bb7 11.h3 Rc8 12.Be3 O-O 13.Rac1 Rfe8 14.cxb5 cxb5 15.d5 Qb8
16.Qb1 Bd8 17.Nd2 Bb6 18.Bxb6 Nxb6 19.Nb3 Rc7 20.Na5 Rec8 21.Bd3 Kf8 22.Na2 Rxc1
23.Rxc1 Rxc1+ 24.Qxc1 Qc8 25.Qe3 Qc7 26.Qd2 Na4 27.b4 Bc8 28.Nc6 Bd7 29.Qc2 Bxc6
30.dxc6 Ng8 31.Be2 Ne7 32.Bg4 Nxc6 33.Nc1 Nb6 34.Be2 Nc4 35.Nb3 Nxa3 36.Qa2 Nc4
37.Qxa6 Na7 38.Kh2 Qb6 39.Qxb6 Nxb6 40.Na5 Na4 41.Nc6 Nxc6 42.Bxb5 Nxb4 43.Bxa4 Ke7
44.Bb3 g6 45.f3 f5 46.h4 Kf6 47.Kg3 Nd3 48.Bc4 f4+ 49.Kh2 Ne1 50.Bb3 Ke7
51.Kg1 h6 52.Ba4 Kd8 53.Bb3 Kc7 54.Bf7 g5 55.hxg5 hxg5 56.Ba2 Nc2 57.Kf2 Kb6
58.Bb3 Ne3 59.g3 Kc5 60.gxf4 exf4 61.Ba4 Kb4 62.Bd7 Kc3 63.Ke2 Nc2 64.Be8 Nd4+
65.Kf2 Kd2 66.Ba4 Nc2 67.Kg2 Ne1+ 68.Kh3 Nxf3 69.Kg4 Ne5+ 70.Kxg5 f3 71.Bb5 f2
72.Bf1 Ke1 73.Bh3 f1=Q 74.Bxf1 Kxf1 75.Kf5 Ke2  0-1

[Event "Novgorod op"]
[Site "Novgorod"]
[Date "1995.??.??"]
[Round "6"]
[White "Managadze, Nikoloz"]
[Black "Ibragimov, Ildar"]
[Result "1/2-1/2"]
[WhiteElo "2305"]
[BlackElo "2520"]

1.e4 e5 2.Nf3 Nc6 3.c3 Nf6 4.d4 Nxe4 5.d5 Ne7 6.Nxe5 Ng6 7.Qe2 Qe7 8.Qxe4 Qxe5
9.Qxe5+ Nxe5 10.Bf4 Bd6 11.Nd2 Nf3+ 12.Nxf3 Bxf4 13.g3 Bh6 14.Nd4 d6 15.Bb5+ Bd7
16.f4 Bxb5 17.Nxb5 Kd7 18.O-O-O g6 19.Rhe1 Bg7 20.Re2 Rae8 21.Rde1 Rxe2 22.Rxe2 h6
23.Kd2 g5 24.fxg5 a6 25.Nd4 Bxd4 26.cxd4 hxg5 27.Rf2 Ke7 28.Kd3 g4 29.Ke4 Rh5
30.Rc2 Kd7 31.Rf2 Ke8 32.Rc2 b5 33.b4 Kd7 34.a3 Kc8 35.Rf2 Kb7 36.Rc2 Kb8
37.Rf2 Kc8 38.Rc2 Kd8 39.Re2 Kd7 40.Rf2 Kc8 41.Rc2 Kb7 42.Rf2 f5+ 43.Kf4 c6
44.Rc2 cxd5 45.Re2 Kc7 46.Re7+ Kc6 47.Ra7 Kb6 48.Rd7 Kc6 49.Ra7 Kb6 50.Rd7 Kc6  1/2-1/2

[Event "Novgorod op"]
[Site "Novgorod"]
[Date "1995.??.??"]
[Round "8"]
[White "Danielian, Oganes"]
[Black "Ibragimov, Ildar"]
[Result "1-0"]
[WhiteElo "2455"]
[BlackElo "2520"]

1.d4 Nf6 2.Nf3 g6 3.c4 Bg7 4.Nc3 O-O 5.e4 c5 6.d5 d6 7.h3 b5 8.cxb5 a6 9.a4 Nbd7
10.Bd2 Bb7 11.Qc2 Ne8 12.Be2 axb5 13.Nxb5 e6 14.dxe6 fxe6 15.O-O Qe7 16.Rad1 d5
17.exd5 exd5 18.Rfe1 Qf7 19.Be3 d4 20.Bc4 Bd5 21.Ng5 Qf5 22.Qxf5 Rxf5 23.Bxd5+ Rxd5
24.b3 Rc8 25.Bf4 Rf5 26.Ne6 Be5 27.Bxe5 Nxe5 28.Nexd4 cxd4 29.Nxd4 Rh5 30.g4  1-0

[Event "World op"]
[Site "Philadelphia"]
[Date "1995.??.??"]
[Round "1"]
[White "Ibragimov, Ildar"]
[Black "Inocencio, Edgarlino S"]
[Result "1-0"]
[WhiteElo "2580"]
[BlackElo "2260"]

1.d4 Nf6 2.c4 e6 3.Nc3 Bb4 4.e3 c5 5.Bd3 Bxc3+ 6.bxc3 d6 7.Ne2 e5 8.O-O Nc6
9.Ng3 h5 10.h3 Ne7 11.f4 h4 12.fxe5 dxe5 13.Ne4 Nxe4 14.Bxe4 f5 15.Bc2 e4
16.Ba3 b6 17.dxc5 Qxd1 18.Raxd1 bxc5 19.Bxc5 Be6 20.Rd6 Rh6 21.Rb1 Bd7 22.Rb7 Rxd6
23.Bxd6 Ng8 24.c5 a5 25.Bb3 Nf6 26.a4 Kd8 27.Kf2 Ne8 28.Be5 g5 29.Bd5 Rc8
30.Bd4 Bxa4 31.c6 Rxc6 32.Bxc6 Bxc6 33.Ra7 a4 34.Be5 Bd7 35.c4 Ke7 36.Ra6 Kd8
37.c5 Nc7 38.Rg6 g4 39.c6 Bc8  1-0

[Event "World op"]
[Site "Philadelphia"]
[Date "1995.??.??"]
[Round "2"]
[White "Tapper, Larry"]
[Black "Ibragimov, Ildar"]
[Result "0-1"]
[WhiteElo "2255"]
[BlackElo "2580"]

1.e4 e5 2.Nf3 Nc6 3.Bb5 a6 4.Ba4 Nf6 5.O-O Be7 6.Bxc6 dxc6 7.d3 Nd7 8.Nbd2 O-O
9.Nc4 f6 10.Ne3 Nc5 11.Bd2 a5 12.a4 Re8 13.Bc3 Bf8 14.Re1 b6 15.Nf1 Ne6 16.d4 exd4
17.Nxd4 Nxd4 18.Bxd4 c5 19.Bc3 Qxd1 20.Raxd1 Bb7 21.f3 Bc6 22.Ra1 Kf7 23.Ne3 g6
24.b3 Rad8 25.Rad1 h5 26.Kf2 Bh6 27.Nd5 Bxd5 28.Rxd5 c6 29.Rdd1 Bf4 30.h3 h4
31.Ke2 Ke6 32.Rxd8 Rxd8 33.Rd1 Rb8 34.Be1 g5 35.Bf2 Bd6 36.Be3 b5 37.axb5 cxb5
38.Ra1 Ra8 39.c4 a4 40.Kd3 a3 41.cxb5 a2 42.b6 Be5  0-1